Normal view
MARC view
Entry Topical Term
001 - CONTROL NUMBER
- control field: 1919
003 - CONTROL NUMBER IDENTIFIER
- control field: OSt
005 - DATE AND TIME OF LATEST TRANSACTION
- control field: 20230628131709.0
008 - FIXED-LENGTH DATA ELEMENTS
- fixed length control field: 230628|| aca||aabn | a|a d
040 ## - CATALOGING SOURCE
- Original cataloging agency: OSt
- Transcribing agency: OSt
150 ## - HEADING--TOPICAL TERM
- Topical term or geographic name entry element: Ghana--Social conditions
670 ## - SOURCE DATA FOUND
- Source citation: Work cat.: (OSt): Nukunya, G. K. 1915, Tradition and change in Ghana: an introduction to sociology. / , 2021.
